| 000 | 00715nam a2200217 a 4500 | ||
|---|---|---|---|
| 005 | 20240924070117.0 | ||
| 008 | 991125s1975 mx 000 0 spa u | ||
| 035 | _aUPN01000041698 | ||
| 049 | _aCG | ||
| 050 | 4 |
_aHX288 G7 _bN6.88 |
|
| 100 | 1 |
_aGramsci, Antonio, _d1891-1937 |
|
| 245 | 1 | 0 |
_aNotas sobre Maquiavelo, sobre política y sobre el estado moderno / _cAntonio Gramsci ; tr. José M. Aricó. |
| 260 |
_aMéxico : _bJ. Pablos, _c1975. |
||
| 300 | _a334 p. | ||
| 440 | 0 |
_aObras de Antonio Gramsci ; _v1 |
|
| 500 | _aTomo número uno de Cuadernos de la cárcel | ||
| 600 | 1 | 4 |
_aMAQUIAVELO, NICOLAS, _d1469-1527 |
| 650 | 4 |
_aCOMUNISMO - _zITALIA - _xHISTORIA _98254 |
|
| 650 | 4 |
_aEstado _96019 |
|
| 905 | _aLibro | ||
| 999 |
_c41698 _d41698 |
||